logo

Bir Sreshtho Munshi Abdur Rouf Library
Jhenaidah Cadet College

বীরের এ রক্তস্রোত মাতার এ অশ্রুধারা / (Record no. 4723)

MARC details
000 -LEADER
fixed length control field 00725nam a2200217 a 4500
001 - CONTROL NUMBER
JCCL Control Number 4723
003 - CONTROL NUMBER IDENTIFIER
JCCL marc code BD-JhCC
005 - DATE AND TIME OF LATEST TRANSACTION
control field 20171130172053.0
008 - FIXED-LENGTH DATA ELEMENTS--GENERAL INFORMATION
fixed length control field 171009s1973 bg a|||| | a| 000 0 ben d
035 ## - SYSTEM CONTROL NUMBER
system control number (BD-JhCC) 4723
040 ## - CATALOGING SOURCE
Original cataloging agency BD-JhCC
Modifying agency BD-JhCC
041 ## - LANGUAGE CODE
Language code of Book ben
082 ## - DEWEY DECIMAL CLASSIFICATION NUMBER
Classification number 954.92051
Author mark and Year ISL 1973
100 ## - MAIN ENTRY--PERSONAL NAME
Personal name ইসলাম, রফিকুল
245 ## - TITLE STATEMENT
Title বীরের এ রক্তস্রোত মাতার এ অশ্রুধারা /
Statement of responsibility, etc রফিকুল ইসলাম
260 ## - PUBLICATION, DISTRIBUTION, ETC. (IMPRINT)
Place of publication, distribution, etc ঢাকা :
Name of publisher, distributor, etc বাংলা একাডেমী,
Date of publication, distribution, etc ১৯৭৩.
300 ## - PHYSICAL DESCRIPTION
Pagination 191 p. :
Other physical details ill. ;
Dimensions 21 cm.
650 ## - SUBJECT ADDED ENTRY--TOPICAL TERM
Topical term or geographic name as entry element Liberation War-1971
General subdivision History
Geographic subdivision Bangladesh
942 ## - ADDED ENTRY ELEMENTS (KOHA)
Source of classification or shelving scheme Dewey Decimal Classification
Koha item type Books
Holdings
Source of classification or shelving scheme Damaged status Not for loan Home library Current library Shelving location Date of accession Cost, normal purchase price Total Checkouts Full call number Barcode Date last seen Copy number Koha item type
Dewey Decimal Classification     JCC Rouf Library JCC Rouf Library General Stacks 11/30/2017 12.00   954.92051 ISL 1973 6754 11/30/2017 C-1 Books

JCC Library | Contacts | JCC Home

Last Update on 23 September 2017
Copyright @ 2017-2020 JCC Rouf Library
Rouf Library, Jhenidah Cadet College (JCC), Bangladesh